000 01409namaa22003131i 4500
005 20260301112046.0
008 260215s1993 ua a|||frm||| 000 0 eng d
040 _aEG-GICUC
_beng
_cEG-GICUC
_dEG-GICUC
_erda
041 0 _aeng
_beng
_bara
049 _aDeposit
097 _aM.Sc
099 _aCai01.09.04.M.Sc.1993.Em.C
100 0 _aEman Ahmed Abdel Monem Allam,
_epreparation.
245 1 0 _aChiemela protection for parotid salivary glands aga inst ionizing irradiation using ciilorpromazine /
_cBy Eman Ahmed Abdel Monem Allam ; Supervised Prof. Dr. Awatef I. Draz , Prof. Dr. Youssef M. Shaheen.
246 1 5 _aالحماية الكيميائية للغدد اللعابية النكفية ضد الاشعاع النووي باستخدام الكلوريرمازين
264 0 _c1993
300 _a99 Leaves :
_billustrations ;
_c30 cm. +
336 _2rda content
_atext
337 _2rdamedia
_aUnmediated
338 _2rdacarrier
_avolume
502 _aThesis (M.Sc.) -Cairo University,1993
504 _aBibliography: pages 89-99
653 0 _aparotid salivary glands
_aciilorpromazine
700 0 _aAwatef I. Draz
_ethesis advisor.
700 0 _aYoussef M. Shaheen
_ethesis advisor.
900 _DDepartment of Oral Pathology
_FFaculty of Oral and Dental Medicine
_UCairo University
_b1993
_cAwatef I. Draz
_cYoussef M. Shaheen
905 _aNagat
_eNourhan
942 _2ddc
_cTH
_e21
_n0
999 _c178489